| 000 | 01699nam a2200457Ia 4500 | ||
|---|---|---|---|
| 005 | 20220317001358.0 | ||
| 008 | 161108s2005 sp a g 000 0 spa | ||
| 020 | _a8434225204 | ||
| 082 | 0 | 4 |
_aR 530 _bL41a |
| 100 | 1 | _aLansana, Jordi | |
| 245 | 1 | 0 |
_aAtlas básico de física y química _ctextos de Jordi Llansana |
| 250 | _a8a. edición | ||
| 300 |
_a96 páginas _bilustraciones, fotografías en color _c28 cm |
||
| 500 | _aIncluye índice alfabético | ||
| 505 | _aLas fuerzas y sus efectos -- El movimiento -- La energía -- Los fluidos -- El movimiento ondulatorio -- La electricidad -- La materia -- La materia por dentro -- Las sustancias puras -- Cambios químicos -- índice alfabetico de materias | ||
| 650 | 1 | 4 |
_2LEMB _aFísica _vAtlas _xExperimentos |
| 650 | 1 | 4 |
_2LEMB _aQuímica _vAtlas _xExperimentos |
| 650 | 1 | 4 |
_2LEMB _aFuerza y energía _vAtlas |
| 650 | 1 | 4 |
_2LEMB _aElectricidad _vAtlas |
| 650 | 1 | 4 |
_2LEMB _aMovimiento _vAtlas |
| 650 | 1 | 4 |
_2LEMB _aReacciones químicas _vAtlas |
| 700 | 1 |
_aStudio Cámara _971781 |
|
| 710 | 1 |
_aStudio Cámara _971781 |
|
| 740 | 0 | 2 | _aLas fuerzas y sus efectos |
| 740 | 0 | 2 | _aEl movimiento |
| 740 | 0 | 2 | _aLa energía |
| 740 | 0 | 2 | _aLos fluidos |
| 740 | 0 | 2 | _aEl movimiento ondulatorio |
| 740 | 0 | 2 | _aLa electricidad |
| 740 | 0 | 2 | _aLa materia |
| 740 | 0 | 2 | _aLa materia por dentro |
| 740 | 0 | 2 | _aLas sustancias puras |
| 740 | 0 | 2 | _aCambios químicos |
| 740 | 0 | 2 | _aÍndice alfabético de materias |
| 942 |
_2ddc _cREF |
||
| 264 |
_aBarcelona _bParramón _c2005 |
||
| 336 |
_atexto _btxt _2rdacontent |
||
| 337 |
_asin mediación _bn _2rdamedia |
||
| 338 |
_avolumen _bnc _2rdacarrier |
||
| 040 |
_aCO-BoRNBP _bspa _erda _cCO-BoRNBP |
||
| 999 |
_c6789 _d6789 |
||